000 00406nam a2200181Ia 4500
005 20240823054829.0
008 240823s9999||||xx |||||||||||||| ||und||
041 _aENGLISH
082 _A822.912 Q1
100 _aEliot T S
245 0 _aMurder in the Cathedral
250 _a1st
260 _c2011
_bManimekala Publi
500 _aYES
650 _aStories
_bEnglish
942 _cBK
999 _c227379
_d227379